Una apuesta por la vida: ética y estética en formas colectivo-solidarias /
El artículo se inscribe en una investigación etnográfica realizada en Argentina con organizaciones orientadas por la autonomía como proyecto. Se parte del convencimiento de de que es importante identificar y comprender estas experiencias interrogándolas a través del sentido de la autonomía como p...
সংরক্ষণ করুন:
| প্রধান লেখক: | |
|---|---|
| অন্যান্য লেখক: | , |
| বিন্যাস: | গ্রন্থ |
| ভাষা: | Spanish |
| বিষয়গুলি: | |
| ট্যাগগুলো: |
ট্যাগ যুক্ত করুন
কোনো ট্যাগ নেই, প্রথমজন হিসাবে ট্যাগ করুন!
|
MARC
| LEADER | 00000nam a22000007a 4500 | ||
|---|---|---|---|
| 003 | cru CIDCACS/IIS | ||
| 005 | 20220318062537.0 | ||
| 007 | ta | ||
| 008 | 180503s2017 ck ||||| |||| 00| 0 spa d | ||
| 999 | |c 41351 |d 41351 | ||
| 040 | |c cru CIDCACS/IIS | ||
| 100 | 1 | |9 7077 |a Heras, Ana Inés | |
| 245 | 1 | |a Una apuesta por la vida: |b ética y estética en formas colectivo-solidarias / |c Ana Inés Heras, Amalia Miano, María Alejandra Pagotto | |
| 300 | |a páginas 129-149 | ||
| 520 | |a El artículo se inscribe en una investigación etnográfica realizada en Argentina con organizaciones orientadas por la autonomía como proyecto. Se parte del convencimiento de de que es importante identificar y comprender estas experiencias interrogándolas a través del sentido de la autonomía como proyecto, considerando que estas no pretenden autoerigirse como punto de llegada, sino reconocen la lógica dinámica de sus capacidades de percepción, enunciación y acción instituyente; confluyendo en un anhelo de construcción horizontal. Desde el marco conceptual del análisis institucional y las economías comunitarias, presenta una metodología que permite analizar prácticas, discursos y significados en tres experiencias autogestionarias. Analiza los modos que asumen el trabajo, la propiedad y la subjetividad en estas experiencias y concluye que: 1) su quehacer funda una propuesta ética y estética ligada al sostenimiento y disfrute de la vida y 2) sus formas de producir la existencia interpelan los sentidos del capitalismo actual. KDV/250518 | ||
| 650 | 1 | 0 | |9 5702 |a AUTOGESTION |
| 650 | 1 | 0 | |9 143 |a ECONOMIA |
| 650 | 0 | |9 7259 |a INSTITUCIONES | |
| 650 | 1 | 0 | |9 194 |a ETICA |
| 650 | 0 | |9 4615 |a ETNOGRAFIA | |
| 650 | 1 | 0 | |a TRABAJO |9 27 |
| 650 | 0 | |9 7198 |a SUJETIVIDAD | |
| 650 | 1 | 0 | |9 64 |a CAPITALISMO |
| 650 | 1 | 0 | |9 2519 |a COMUNIDADES |
| 650 | 4 | |9 2644 |a INDEPENDENCIA | |
| 650 | 0 | |9 7266 |a PROPIEDAD | |
| 651 | 0 | |9 3346 |a ARGENTINA | |
| 700 | 1 | |9 7078 |a Miano, Amalia | |
| 700 | 1 | |9 7079 |a Pagotto, María Alejandra | |
| 773 | 0 | |0 18817 |9 1977 |a Universidad Central. Instituto de Estudios Sociales Contemporáneos |d Bogotá: Colombia IESCO-Universidad Central |o 17721 |t NÓMADAS: |x 01217550 | |
| 942 | |2 ddc |c PP | ||
